00289nam a2200121Ia 4500008004100000041000800041082001200049100001900061245001100080260003700091300003200128365000700160240624s9999 xx 000 0 und d aeng a823 JEN aJENKINS HAROLD aHAMLET c2004aNew DelhibEast West Press axvii, : 574 : p. : cm. ; 18 cRS